Normal view
MARC view
Entry Personal Name
001 - CONTROL NUMBER
- control field: 1040
003 - CONTROL NUMBER IDENTIFIER
- control field: PK-NaQUE
005 - DATE AND TIME OF LATEST TRANSACTION
- control field: 20260629134434.0
008 - FIXED-LENGTH DATA ELEMENTS
- fixed length control field: 260629|| aca||aabn | a|a d
040 ## - CATALOGING SOURCE
- Original cataloging agency: PK-NaQUE
- Transcribing agency: PK-NaQUE
100 ## - HEADING--PERSONAL NAME
- Personal name: Agha Aamir Raza
- Personal name: 21MEEE01
- Personal name: Supervisor - Prof Dr Kishan Chand Mukwana
670 ## - SOURCE DATA FOUND
- Source citation: Work cat.: (PK-NaQUE)69095: Agha Aamir Raza 21MEEE01 Supervisor - Prof Dr Kishan Chand Mukwana, Maping of Nitrate and Nitrites Pollutants in Drinking Water in District Shaheed Benazirabad (Thesis ME), 2025